Teoría de la democracia. El debate contemporáneo
Guardado en:
| Hovedforfatter: | |
|---|---|
| Format: | Texto |
| Udgivet: |
Madrid:
Alianza
|
| Tags: |
Tilføj Tag
Ingen Tags, Vær først til at tagge denne postø!
|
MARC
| LEADER | 00000 a a2200000 04500 | ||
|---|---|---|---|
| 001 | 23147 | ||
| 003 | |||
| 040 | |||
| 020 | |a 84-206-2566-3 | ||
| 090 | |a 159700 | ||
| 100 | |a Sartori, Giovanni | ||
| 245 | |a Teoría de la democracia. El debate contemporáneo | ||
| 260 | |a Madrid: |b Alianza | ||
| 300 | |a 305 p; vol. 1 | ||
| 999 | |c 11059 |d 11059 | ||



